000 00883nam a2200253 i 4500
001 186044
003 SpMaBN
005 20251123063311.0
008 160905s1987 sp ab |||| | spa d
020 _a84-206-0267-1
080 _a663
100 1 _aDelgado, Carlos,
_d1941-
_9160721
245 1 3 _aEl libro de los aguardientes y licores /
_cCarlos Delgado.
260 _aMadrid :
_bAlianza Editorial,
_c[1987]
300 _a199 p. :
_bil., 2 mapas ;
_c18 cm.
490 1 _aEl libro de bolsillo ;
_v1267.
_aLibros útiles
505 8 _aContiene: ;
_tAbecedario de los licores y aguardientes
650 0 7 _aAguardientes.
_99697
650 7 _aLicores.
_9160722
650 4 _aBebidas alcohólicas.
_9135679
830 0 3 _aEl libro de bolsillo.
_pLibros útiles
_v1267.
_9192460
852 _aES-MaACL
_jL-30630
_z. - Donat. Miguel A. Velasco
999 _c186044
_d186044